Documentos para la historia lingüística de la Audiencia de Quito (siglos XVI-XIX) /

Đã lưu trong:
Chi tiết về thư mục
Tác giả khác: Sánchez Méndez, Juan Pedro (Biên tập viên), Codita, Viorica (Người cộng sự), Corredor Aveledo, Antonio (Người cộng sự), Guzmán Riverón, Martha (Người cộng sự), Padrón Castilla, Elena (Người cộng sự), Reynaud Oudot, Natacha (Người cộng sự)
Định dạng: Điện tử eBook
Ngôn ngữ:Tiếng Tây Ban Nha
Được phát hành: Madrid : Consejo Superior de Investigaciones Científicas, 2018.
Loạt:Revista de filología española. Anejo ; 106.
Những chủ đề:
Truy cập trực tuyến:Digitalia Hispánica
Các nhãn: Thêm thẻ
Không có thẻ, Là người đầu tiên thẻ bản ghi này!

MARC

LEADER 00000nam a2200000 i 4500
001 DIGCSIC0528
003 NyNyDIG
008 210310s2018 sp b ob 000 0 spa d
006 m o d
007 cr |||||||||||
035 |a (OCoLC)1099962927 
040 |a DGITA  |b eng  |e rda  |e pn  |c DGITA 
020 |a 9788400104351  |q eBook 
020 |a 8400104358  |q eBook 
020 |z 9788400104344 
020 |z 840010434X 
024 7 |a 694-18-035-2  |q e-NIPO  |2 nipo 
024 7 |z 694-18-034-7  |2 nipo 
043 |a cl----- 
050 1 4 |a PC4823 ebook 
245 0 0 |a Documentos para la historia lingüística de la Audiencia de Quito (siglos XVI-XIX) /  |c Juan Pedro Sánchez Méndez (coord.) ; Viorica Codita, Antonio Corredor Aveledo, Martha Guzmán Riverón, Elena Padrón Castilla, con la colaboración de Natacha Reynaud Oudot. 
264 1 |a Madrid :  |b Consejo Superior de Investigaciones Científicas,  |c 2018. 
300 |a 1 online resource :  |b maps. 
336 |a text  |b txt  |2 rdacontent 
337 |a computer  |b c  |2 rdamedia 
338 |a online resource  |b cr  |2 rdacarrier 
347 |a text file  |2 rdaft 
347 |b PDF 
490 1 |a Anejos de la Revista de filología española ;  |v 106 
505 0 |a Aproximación histórica a la audiencia de quito y sus documentos -- Aspectos lingüísticos en los documentos de la audiencia de Quito -- Documentos de la audiencia de Quito. 
504 |a Includes bibliographical references. 
588 0 |a Online resource; title from PDF title page (Digitalia, viewed March 25, 2021) 
650 0 |a Spanish language  |z Quito (Audiencia)  |v Texts. 
650 0 |a Spanish language  |z Quito (Audiencia)  |x History  |v Sources. 
650 0 |a Spanish language  |y Classical period, 1500-1700  |v Sources. 
650 0 |a Spanish language  |y 18th century  |v Sources. 
655 0 |a Electronic books. 
700 1 |a Sánchez Méndez, Juan Pedro,  |e editor. 
700 1 |a Codita, Viorica,  |e contributor. 
700 1 |a Corredor Aveledo, Antonio,  |e contributor. 
700 1 |a Guzmán Riverón, Martha,  |e contributor. 
700 1 |a Padrón Castilla, Elena,  |e contributor. 
700 1 |a Reynaud Oudot, Natacha,  |e contributor. 
791 2 |a Digitalia (Firm),  |e distributor. 
793 0 |g Digitalia eBook Collection:  |a Editorial CSIC 
776 0 8 |i Print version:  |t Documentos para la historia lingüística de la Audiencia de Quito (siglos XVI-XIX).  |d Madrid : Consejo Superior de Investigaciones Científicas, 2018  |z 9788400104344  |w (DLC) 2019433488  |w (OCoLC)1088530217 
830 0 |a Revista de filología española.  |p Anejo ;  |v 106. 
856 4 0 |3 Digitalia Hispánica  |u https://digitalia.unach.elogim.com/a/61504/ 
910 |a Premium collection: 2021